Contaminated land publications (Record no. 120504)

MARC details
000 -LEADER
fixed length control field 00922cam a2200193 4500
001 - CONTROL NUMBER
control field ##WS134719
008 - FIXED-LENGTH DATA ELEMENTS--GENERAL INFORMATION
fixed length control field 060829n 000 0 eng u
035 ## - SYSTEM CONTROL NUMBER
System control number (Sirsi) u134719
041 0# - LANGUAGE CODE
Language code of text/sound track or separate title eng
110 1# - MAIN ENTRY--CORPORATE NAME
Corporate name or jurisdiction name as entry element United Kingdom
Subordinate unit Department for Environment, Food and Rural Affairs
245 00 - TITLE STATEMENT
Title Contaminated land publications
520 ## - SUMMARY, ETC.
Summary, etc. Lists and provides links to official papers, reports and news releases on contaminated land produced by DEFRA and its predecessors. Covers policy and the law, news releases, Contaminated Land Advice Notes, technical material including CLEA, and workshops and working groups.
590 ## - LOCAL NOTE (RLIN)
Local note IKA050906
650 24 - SUBJECT ADDED ENTRY--TOPICAL TERM
Topical term or geographic name entry element CONTAMINATED LAND
651 #4 - SUBJECT ADDED ENTRY--GEOGRAPHIC NAME
Geographic name United Kingdom
Chronological subdivision
690 ## - LOCAL SUBJECT ADDED ENTRY--TOPICAL TERM (OCLC, RLIN)
Topical term or geographic name as entry element PROPERTY-RURAL AND NATURAL ASSETS-LAND-CONTAMINATED LAND
856 40 - ELECTRONIC LOCATION AND ACCESS
Uniform Resource Identifier <a href="https://www.defra.gov.uk/environment/land/contaminated/pubs.htm">https://www.defra.gov.uk/environment/land/contaminated/pubs.htm</a>
Hours access method available View the website free of charge at www.defra.gov.uk...
942 ## - ADDED ENTRY ELEMENTS (KOHA)
Suppress in OPAC 0
Holdings
Withdrawn status Lost status Source of classification or shelving scheme Damaged status Not for loan Home library Current library Shelving location Date acquired Total Checkouts Full call number Barcode Date last seen Copy number Price effective from Koha item type
    Dewey Decimal Classification     Virtual Virtual Online 29/08/2006   WEB SITE 134719-2001 06/08/2019 1 06/08/2019 Online material